| LEADER 00000nam 2200000uu 4500 |
| 001 209596 |
| 003 ULIBM |
| 008 140408s2550||||th 000 0 tha d |
| 020 ^a974915066X
|
| 041 0 ^atha^beng
|
| 060 4 ^aWB115 ป525 2550
|
| 245 00 ^aปัญหาที่ได้รับการปรึกษาบ่อยทางอายุรศาสตร์/^bบรรณาธิการ วิชัย ประยูรวิวัฒน์,จันทราภา ศรีสวัสดิ์,กฤษฎา ดวงอุไร.
|
| 250 ^aพิมพ์ครั้งที่ 2
|
| 260 ^aกรุงเทพฯ : ^bกองอายุรกรรม ภาควิชาอายุรศาสตร์ วิทยาลัยแพทยศาสตร์พระมงกุฎเกล้า,^c2550.
|
| 300 ^a358 หน้า ;^bภาพประกอบ.
|
| 500 ^aการอบรมระยะสั้นอายุรศาสตร์ในเวชปฏิบัติ ครั้งที่ 4
|
| 650 4 ^aโรคลูปัส
|
| 650 4 ^aการรักษาโรค ^xรวมเรื่อง
|
| 650 4 ^aอายุรศาสตร์ ^xรวมเรื่อง
|
| 700 0 ^aวิชัย ประยูรวิวัฒน์,^eบรรณาธิการ.
|
| 700 0 ^aจันทราภา ศรีสวัสดิ์,^eบรรณาธิการ.
|
| 700 0 ^aกฤษฎา ดวงอุไร,^eบรรณาธิการ.
|
| 710 2 ^aวิทยาลัยแพทยศาสตร์พระมงกุฎเกล้า. ภาควิชาอายุรศาสตร์. กองอายุรกรรม
|
| 710 2 ^aโครงการตำรา วพม.
|
| 999 ^aใช้งานได้ทุกระบบ
|